| 000 | 00749cam a22002531 4500 | ||
|---|---|---|---|
| 001 | 21678 | ||
| 003 | BD-RjUL | ||
| 005 | 20211209000721.0 | ||
| 008 | 140305r19691952enka 000 0 eng d | ||
| 035 | _a(BD-RjUL)21743 | ||
| 035 | _a(OCoLC)1475733 | ||
| 040 |
_aDLC _cFJ _dOCoLC _dUk _dDLC _dBD-RjUL _beng |
||
| 041 | _aeng | ||
| 082 |
_a745.52643 _bMAH 1969 |
||
| 100 | 1 |
_aMay, C. J. Delabère. _966951 |
|
| 245 | 1 | 0 |
_aHow to identify Persian rugs and other oriental rugs / _cC. J. Delabère May, |
| 250 | _a[Rev. and enl. ed.] | ||
| 260 |
_aLondon : _bG. Bell, _c1952 [reprinted 1969] |
||
| 300 |
_a152 p. : _billus. ; _c19 cm. |
||
| 650 | 0 |
_aRugs, Persian. _966952 |
|
| 942 |
_2ddc _cBK |
||
| 999 |
_c21678 _d21678 |
||